[Event "Panevezys op-A"]
[Site "Panevezys"]
[Date "2016.06.08"]
[Round "4"]
[White "Indriunas, Matas"]
[Black "Milasevicius, Jonas"]
[Result "1-0"]
[WhiteElo "1729"]
[BlackElo "1952"]
[PlyCount "57"]
[EventDate "2016.06.06"]
[EventType "swiss"]
[EventRounds "9"]
[EventCountry "LTU"]
[SourceTitle "CBM 172 Extra"]
[Source "ChessBase"]
[SourceDate "2016.06.21"]
[SourceVersion "1"]
[SourceVersionDate "2016.06.21"]
[SourceQuality "1"]

1. e4 c5 2. Nf3 g6 3. d4 cxd4 4. Nxd4 Bg7 5. Nc3 Nc6 6. Be3 Nf6 7. Nxc6 bxc6 8. e5 Ng8 9. Bd4 c5 10. Bxc5 Bxe5 11. Qd5 Bxc3+ 12. bxc3 Nf6 13. Qxa8 0-0 14. Qxa7 d6 15. Bb6 Qe8 16. Bd3 Qc6 17. Be3 Qxg2 18. Kd2 Nd5 19. Qd4 e5 20. Qe4 Nxe3 21. Qxe3 Bb7 22. Rab1 Qc6 23. Rhe1 Rc8 24. c4 Qd7 25. Rb4 f5 26. Reb1 f4 27. Qa7 Bc6 28. Qxd7 Bxd7 29. Rb8 1-0

[Event "Panevezys op-A 26th"]
[Site "Panevezys"]
[Date "2013.08.16"]
[Round "7"]
[White "Vaitonis, Vytautas"]
[Black "Milasevicius, Jonas"]
[Result "1/2-1/2"]
[WhiteElo "1985"]
[BlackElo "1893"]
[PlyCount "82"]
[EventDate "2013.08.12"]
[EventType "swiss"]
[EventRounds "9"]
[EventCountry "LTU"]
[SourceTitle "CBM 155 Extra"]
[Source "ChessBase"]
[SourceDate "2013.08.26"]
[SourceVersion "1"]
[SourceVersionDate "2013.08.26"]
[SourceQuality "1"]

1. c4 c5 2. Nf3 Nc6 3. g3 g6 4. Bg2 Bg7 5. Nc3 e5 6. 0-0 Nge7 7. a3 0-0 8. b4 cxb4 9. axb4 Nxb4 10. Ba3 Nbc6 11. Bd6 Re8 12. e4 b6 13. Nb5 Bb7 14. Nc7 Nc8 15. Nxe8 Qxe8 16. Ba3 d6 17. d3 Nd8 18. Bb2 Ne6 19. Nd2 Nc5 20. Qc2 Ne7 21. Nb3 Nc6 22. Nxc5 dxc5 23. f4 Qd7 24. Rad1 Rd8 25. Qf2 Bc8 26. f5 Qc7 27. Bc1 f6 28. g4 g5 29. h4 h6 30. hxg5 hxg5 31. Bf3 Kf7 32. Kg2 Rh8 33. Rh1 Rxh1 34. Kxh1 Bd7 35. Be3 Be8 36. Kg2 Qd6 37. Rd2 a5 38. Be2 Nb4 39. Qf1 Ba4 40. Qc1 Qd7 41. Qc3 Bf8 1/2-1/2

[Event "Panevezys op 25th"]
[Site "Panevezys"]
[Date "2012.08.17"]
[Round "7"]
[White "Milasevicius, Jonas"]
[Black "Jurkunas, Marijus"]
[Result "1/2-1/2"]
[WhiteElo "1934"]
[BlackElo "1817"]
[PlyCount "48"]
[EventDate "2012.08.13"]
[EventType "swiss"]
[EventRounds "9"]
[EventCountry "LTU"]
[SourceTitle "CBM 149 Extra"]
[Source "ChessBase"]
[SourceDate "2012.08.24"]
[SourceVersion "1"]
[SourceVersionDate "2012.08.24"]
[SourceQuality "1"]

1. Nf3 d5 2. e3 Nf6 3. c4 c6 4. Nc3 Nbd7 5. d4 e6 6. Bd3 dxc4 7. Bxc4 b5 8. Bd3 Be7 9. 0-0 0-0 10. Ne4 Qb6 11. Qe2 Bb7 12. Bd2 Nxe4 13. Bxe4 c5 14. Bxb7 Qxb7 15. dxc5 Nxc5 16. Rfd1 Bf6 17. Bb4 Rfc8 18. Rac1 Na4 19. Nd4 a6 20. b3 Nb6 21. h3 Nd5 22. Be1 Rxc1 23. Rxc1 Nf4 24. exf4 Bxd4 1/2-1/2

[Event "Panevezys op 25th"]
[Site "Panevezys"]
[Date "2012.08.13"]
[Round "1"]
[White "Stitilis, Domas"]
[Black "Milasevicius, Jonas"]
[Result "0-1"]
[WhiteElo "1483"]
[BlackElo "1934"]
[PlyCount "36"]
[EventDate "2012.08.13"]
[EventType "swiss"]
[EventRounds "9"]
[EventCountry "LTU"]
[SourceTitle "CBM 149 Extra"]
[Source "ChessBase"]
[SourceDate "2012.08.24"]
[SourceVersion "1"]
[SourceVersionDate "2012.08.24"]
[SourceQuality "1"]

1. e4 c5 2. Nf3 g6 3. d4 cxd4 4. Nxd4 Bg7 5. Be3 Nc6 6. Nc3 Nf6 7. f3 0-0 8. Qd2 d5 9. exd5 Nxd5 10. Nxc6 bxc6 11. Rd1 Bb7 12. Qf2 Qa5 13. Bd4 e5 14. Bc5 Nxc3 15. b4 Qxa2 16. Rd3 e4 17. Rd7 Qa1+ 18. Kd2 Qd1+ 0-1

[Event "Panevezys op-A 24th"]
[Site "Panevezys"]
[Date "2011.08.15"]
[Round "9"]
[White "Milasevicius, Jonas"]
[Black "Janulynas, Jonas"]
[Result "1-0"]
[WhiteElo "1952"]
[BlackElo "1814"]
[PlyCount "61"]
[EventDate "2011.08.09"]
[EventType "swiss"]
[EventRounds "9"]
[EventCountry "LTU"]
[SourceTitle "CBM 143 Extra"]
[Source "ChessBase"]
[SourceDate "2011.08.29"]
[SourceVersion "1"]
[SourceVersionDate "2011.08.29"]
[SourceQuality "1"]

1. d4 d5 2. Nf3 Nf6 3. e3 e6 4. Bd3 Nbd7 5. 0-0 c5 6. c4 dxc4 7. Bxc4 Nb6 8. Be2 Be7 9. Nc3 0-0 10. b3 cxd4 11. Nxd4 e5 12. Nf3 Qc7 13. Bb2 Rd8 14. Qc1 a6 15. Rd1 Bg4 16. h3 Bh5 17. Rd2 Rac8 18. Qd1 Bb4 19. Rc1 Bxf3 20. Bxf3 Rxd2 21. Qxd2 e4 22. Be2 Rd8 23. Qc2 Rc8 24. Qd1 Rd8 25. Nd5 Qd6 26. Nxb4 Qf8 27. Qe1 Nfd7 28. Nc2 Nc5 29. Nd4 Nbd7 30. Nf5 g6 31. Qc3 1-0

[Event "Panevezys op-A 24th"]
[Site "Panevezys"]
[Date "2011.08.13"]
[Round "6"]
[White "Kuvsinov, Anatolij"]
[Black "Milasevicius, Jonas"]
[Result "1/2-1/2"]
[WhiteElo "2007"]
[BlackElo "1952"]
[PlyCount "120"]
[EventDate "2011.08.09"]
[EventType "swiss"]
[EventRounds "9"]
[EventCountry "LTU"]
[SourceTitle "CBM 143 Extra"]
[Source "ChessBase"]
[SourceDate "2011.08.29"]
[SourceVersion "1"]
[SourceVersionDate "2011.08.29"]
[SourceQuality "1"]

1. e4 c5 2. Nf3 g6 3. d3 Bg7 4. c3 Nc6 5. Be3 d6 6. Nbd2 Nf6 7. h3 0-0 8. Be2 b5 9. a4 b4 10. 0-0 a5 11. d4 cxd4 12. cxd4 Nd7 13. Rc1 Bb7 14. Bb5 Na7 15. Bd3 d5 16. e5 Qb6 17. Nb3 Rfc8 18. Qe2 Bf8 19. Nc5 Nxc5 20. dxc5 Qc7 21. e6 fxe6 22. Ng5 Qe5 23. Qg4 Nc6 24. Nxh7 Qh5 25. Qxh5 gxh5 26. Ng5 e5 27. Bf5 Rd8 28. Ne6 Kf7 29. Nxd8+ Rxd8 30. Bd3 e4 31. Bb5 Bg7 32. b3 Kg6 33. Rfd1 Bc3 34. Bxc6 Bxc6 35. Rxc3 bxc3 36. Bd4 c2 37. Rc1 Rb8 38. Rxc2 Rxb3 39. Rb2 Rxb2 40. Bxb2 Bxa4 41. Bc3 Bb5 42. Bxa5 d4 43. Kh2 e5 44. Kg3 d3 45. Bd2 Bc6 46. Be3 Kf5 47. Kh4 Be8 48. g4+ hxg4 49. hxg4+ Kg6 50. Kg3 Bc6 51. Kh2 Bd7 52. g5 Kf5 53. Kg1 Ke6 54. Kg2 Be8 55. Kf1 Kd5 56. Ke1 Kc4 57. Kd1 Ba4+ 58. Kd2 Kd5 59. Kc3 Bb5 60. Kb4 Kc6 1/2-1/2

[Event "Panevezys op-A"]
[Site "Panevezys"]
[Date "2010.08.18"]
[Round "1"]
[White "Milasevicius, Jonas"]
[Black "Beinoras, Mindaugas"]
[Result "0-1"]
[WhiteElo "1999"]
[BlackElo "2386"]
[PlyCount "48"]
[EventDate "2010.08.18"]
[EventType "swiss"]
[EventRounds "9"]
[EventCountry "LTU"]
[SourceTitle "CBM 138 Extra"]
[Source "ChessBase"]
[SourceDate "2010.10.29"]
[SourceVersion "1"]
[SourceVersionDate "2010.10.29"]
[SourceQuality "1"]

1. d4 d5 2. Nf3 c5 3. c3 Nc6 4. dxc5 a5 5. Nd4 e6 6. Nxc6 bxc6 7. b4 axb4 8. cxb4 Qf6 9. Nc3 Qxc3+ 10. Bd2 Qa3 11. e3 Nf6 12. Be2 Be7 13. 0-0 0-0 14. Qb1 Ne4 15. Bc1 Qa7 16. Qc2 Qa4 17. Qb1 Nc3 18. Qb2 Nxe2+ 19. Qxe2 Ba6 20. Qd2 Bxf1 21. Kxf1 Bf6 22. Bb2 Bxb2 23. Qxb2 Rfb8 24. a3 Rxb4 0-1

[Event "Panevezys op-A"]
[Site "Panevezys"]
[Date "2009.08.23"]
[Round "9"]
[White "Lomonosovas, Vitalijus"]
[Black "Milasevicius, Jonas"]
[Result "0-1"]
[WhiteElo "2115"]
[BlackElo "1996"]
[PlyCount "130"]
[EventDate "2009.08.17"]
[EventType "swiss"]
[EventRounds "9"]
[EventCountry "LTU"]
[SourceTitle "CBM 131 Extra"]
[Source "ChessBase"]
[SourceDate "2009.09.03"]
[SourceVersion "2"]
[SourceVersionDate "2009.09.16"]
[SourceQuality "1"]

1. Nf3 d5 2. e3 Nf6 3. b3 Bg4 4. Bb2 e6 5. c4 c6 6. Be2 Bd6 7. d4 Nbd7 8. 0-0 0-0 9. Nc3 Qe7 10. Nd2 Bxe2 11. Qxe2 e5 12. dxe5 Qxe5 13. Nf3 Qh5 14. cxd5 Nxd5 15. Nxd5 Bxh2+ 16. Kh1 Bc7+ 17. Kg1 Qxd5 18. Rad1 Qe6 19. Rd4 Nb6 20. Rh4 h6 21. Nd4 Qd7 22. e4 Be5 23. Nf5 Rfe8 24. Bxe5 Rxe5 25. Qg4 Rxf5 26. exf5 Qd6 27. Re1 Qf6 28. Rh3 Nd5 29. Qe4 Rc8 30. Qe5 Qxe5 31. Rxe5 f6 32. Re4 Kf7 33. Rg3 Ne7 34. Rd3 Rc7 35. g4 h5 36. f3 hxg4 37. fxg4 Nd5 38. Rh3 Rc8 39. Kf2 Rd8 40. Rd4 Re8 41. Rd1 Re4 42. Rg1 Rd4 43. Ke1 Nf4 44. Rh8 Nd3+ 45. Ke2 Ne5 46. Rb8 Rd7 47. Rg3 b5 48. a4 bxa4 49. bxa4 a5 50. Rgb3 Re7 51. Kd1 Nxg4 52. R3b7 Ne3+ 53. Ke2 Nxf5+ 54. Rxe7+ Nxe7 55. Ra8 g5 56. Rxa5 Ke6 57. Ra8 Kd6 58. a5 Nd5 59. Rf8 Ke7 60. Rb8 Nc7 61. Kd3 f5 62. Kc4 f4 63. Kc5 Na6+ 64. Kxc6 Nxb8+ 65. Kb7 f3 0-1

[Event "Panevezys op-A"]
[Site "Panevezys"]
[Date "2009.08.19"]
[Round "4"]
[White "Plunge, Gintautas Jurgis"]
[Black "Milasevicius, Jonas"]
[Result "1/2-1/2"]
[WhiteElo "2130"]
[BlackElo "1996"]
[PlyCount "148"]
[EventDate "2009.08.17"]
[EventType "swiss"]
[EventRounds "9"]
[EventCountry "LTU"]
[SourceTitle "CBM 131 Extra"]
[Source "ChessBase"]
[SourceDate "2009.09.03"]
[SourceVersion "2"]
[SourceVersionDate "2009.09.16"]
[SourceQuality "1"]

1. e4 c5 2. Nf3 Nc6 3. c3 d5 4. exd5 Qxd5 5. d4 e6 6. Bd3 Nf6 7. 0-0 Bd7 8. Be3 cxd4 9. cxd4 Be7 10. Nc3 Qh5 11. Ne5 Qxd1 12. Raxd1 Nxe5 13. dxe5 Ng4 14. Bd4 Bc6 15. h3 Nh6 16. Nb5 0-0 17. Nxa7 Bd5 18. a3 g6 19. Nb5 Bc6 20. Nc3 Nf5 21. Bb6 Bd8 22. Bxd8 Rfxd8 23. Bxf5 gxf5 24. Rxd8+ Rxd8 25. Rd1 Ra8 26. f4 Ra5 27. Kf2 Kg7 28. Rd6 h5 29. g3 Rc5 30. Ke3 Ra5 31. h4 Ra8 32. Kd4 Kf8 33. Kc5 Ke7 34. Rd3 f6 35. exf6+ Kxf6 36. Kb4 Re8 37. a4 e5 38. Rd6+ Kg7 39. fxe5 Rxe5 40. a5 Bg2 41. Rd2 Bc6 42. Rd3 Kf6 43. Rd6+ Ke7 44. Rh6 Bf3 45. Nb5 Re4+ 46. Kc5 f4 47. gxf4 Rxf4 48. Nd6 Kd7 49. Rh7+ Ke6 50. Nxb7 Rxh4 51. b4 Rh1 52. Nd8+ Kf5 53. a6 Kg6 54. Rf7 Bg2 55. Rf2 Be4 56. Ne6 Ra1 57. b5 h4 58. Kb6 Kh5 59. Nc5 Bh1 60. Ka7 h3 61. Rf8 Bg2 62. b6 Kh4 63. b7 Bxb7 64. Kxb7 h2 65. Rh8+ Kg3 66. Ne4+ Kg2 67. Rg8+ Kf3 68. Ng3 Rb1+ 69. Kc6 Ra1 70. Kb6 Rb1+ 71. Kc5 Ra1 72. Kb5 Rb1+ 73. Kc4 Ra1 74. Kb5 Rb1+ 1/2-1/2

[Event "Panevezys op 20th"]
[Site "Panevezys"]
[Date "2007.08.24"]
[Round "9"]
[White "Milasevicius, Jonas"]
[Black "Rudys, Arunas"]
[Result "1-0"]
[WhiteElo "2007"]
[BlackElo "2065"]
[PlyCount "54"]
[EventDate "2007.08.18"]
[EventType "swiss"]
[EventRounds "9"]
[EventCountry "LTU"]
[SourceTitle "CBM 119 Extra"]
[Source "ChessBase"]
[SourceDate "2007.09.04"]
[SourceVersion "1"]
[SourceVersionDate "2007.09.04"]
[SourceQuality "1"]

1. Nf3 Nf6 2. d4 e6 3. Bg5 h6 4. Bh4 d6 5. e3 Nbd7 6. Nbd2 Be7 7. h3 0-0 8. Bd3 Re8 9. 0-0 e5 10. c3 Bf8 11. Qc2 Qe7 12. e4 g5 13. Nxg5 hxg5 14. Bxg5 Bg7 15. f4 Qf8 16. fxe5 dxe5 17. Bc4 Qd6 18. Nf3 Rf8 19. Rad1 Qc6 20. Bd3 Nh7 21. Be3 Qg6 22. Nh4 Qh5 23. Nf5 Bf6 24. Rf3 Bh4 25. g4 Qg6 26. Nxh4 Qb6 27. Rdf1 c5 1-0

[Event "Panevezys op 20th"]
[Site "Panevezys"]
[Date "2007.08.22"]
[Round "7"]
[White "Milasevicius, Jonas"]
[Black "Uogele, Anicetas B"]
[Result "1-0"]
[WhiteElo "2007"]
[BlackElo "2172"]
[PlyCount "29"]
[EventDate "2007.08.18"]
[EventType "swiss"]
[EventRounds "9"]
[EventCountry "LTU"]
[SourceTitle "CBM 119 Extra"]
[Source "ChessBase"]
[SourceDate "2007.09.04"]
[SourceVersion "1"]
[SourceVersionDate "2007.09.04"]
[SourceQuality "1"]

1. Nf3 c5 2. c4 g6 3. e3 Bg7 4. d4 Nf6 5. Nc3 0-0 6. Be2 cxd4 7. exd4 d5 8. 0-0 Nc6 9. h3 Be6 10. c5 Ne4 11. Bb5 Qa5 12. Bxc6 bxc6 13. Qe1 Rab8 14. Nxe4 dxe4 15. Qxa5 1-0

[Event "Panevezys op 20th"]
[Site "Panevezys"]
[Date "2007.08.21"]
[Round "5"]
[White "Vaitonis, Vytautas"]
[Black "Milasevicius, Jonas"]
[Result "1/2-1/2"]
[WhiteElo "2117"]
[BlackElo "2007"]
[PlyCount "28"]
[EventDate "2007.08.18"]
[EventType "swiss"]
[EventRounds "9"]
[EventCountry "LTU"]
[SourceTitle "CBM 119 Extra"]
[Source "ChessBase"]
[SourceDate "2007.09.04"]
[SourceVersion "1"]
[SourceVersionDate "2007.09.04"]
[SourceQuality "1"]

1. d4 d5 2. Nf3 Nf6 3. c4 e6 4. Nc3 Nbd7 5. e3 Be7 6. Bd3 0-0 7. 0-0 c6 8. h3 h6 9. Re1 dxc4 10. Bxc4 Nd5 11. e4 Nxc3 12. bxc3 Nf6 13. a4 b6 14. Bd3 Bb7 1/2-1/2

[Event "Panevezys op 20th"]
[Site "Panevezys"]
[Date "2007.08.19"]
[Round "2"]
[White "Milasevicius, Jonas"]
[Black "Limontas, Martynas"]
[Result "0-1"]
[WhiteElo "2007"]
[BlackElo "2287"]
[PlyCount "100"]
[EventDate "2007.08.18"]
[EventType "swiss"]
[EventRounds "9"]
[EventCountry "LTU"]
[SourceTitle "CBM 119 Extra"]
[Source "ChessBase"]
[SourceDate "2007.09.04"]
[SourceVersion "1"]
[SourceVersionDate "2007.09.04"]
[SourceQuality "1"]

1. Nf3 Nc6 2. d4 d6 3. Bg5 h6 4. Bh4 g5 5. Bg3 Bg7 6. c3 g4 7. Nh4 e6 8. h3 h5 9. e4 Qg5 10. Qd2 Qe7 11. f4 gxf3 12. Nxf3 h4 13. Bf2 e5 14. d5 Nb8 15. Na3 f5 16. Bd3 Bh6 17. Be3 Bxe3 18. Qxe3 f4 19. Qf2 Nd7 20. b4 a5 21. Nc2 Nf8 22. a4 Ng6 23. b5 Nf6 24. c4 Nh5 25. 0-0-0 Ng3 26. Rhg1 Nf8 27. Na1 Nd7 28. Nb3 Nb6 29. Qa2 Rh6 30. Kb2 Kf8 31. Rc1 Nd7 32. Ka3 Nf6 33. Rce1 Bd7 34. Qd2 b6 35. Qf2 Be8 36. Nbd2 Bg6 37. Kb3 Nd7 38. Ka3 Nc5 39. Bc2 Rh5 40. Nh2 Rh8 41. Nhf1 Kg7 42. Nxg3 fxg3 43. Qe3 Raf8 44. Rgf1 Rxf1 45. Rxf1 Rf8 46. Rf3 Rxf3 47. Nxf3 Qf6 48. Kb2 Bh5 49. Bd1 Bxf3 50. gxf3 g2 0-1

[Event "Panevezys-ch"]
[Site "Panevezys"]
[Date "2007.03.18"]
[Round "8"]
[White "Milasevicius, Jonas"]
[Black "Kviliunas, Vladislovas"]
[Result "1-0"]
[WhiteElo "2004"]
[BlackElo "1895"]
[PlyCount "69"]
[EventDate "2007.02.04"]
[EventType "tourn"]
[EventRounds "13"]
[EventCountry "LTU"]
[SourceTitle "EXT 2010"]
[Source "ChessBase"]
[SourceDate "2010.11.25"]
[SourceVersion "1"]
[SourceVersionDate "2010.11.25"]
[SourceQuality "1"]

1. Nf3 Nf6 2. c4 g6 3. Nc3 d5 4. d4 Bg7 5. e3 Bg4 6. Qa4+ Nfd7 7. cxd5 Bxf3 8. gxf3 0-0 9. Bg2 Nb6 10. Qb3 a5 11. f4 Qd6 12. a3 a4 13. Qb5 f5 14. Bd2 N8d7 15. Na2 Nf6 16. Nb4 Rfd8 17. Rc1 Rac8 18. 0-0 Ne4 19. Bxe4 fxe4 20. Rc5 Rf8 21. Kh1 Rf5 22. Rg1 Rcf8 23. Be1 Rh5 24. Rg3 Rff5 25. f3 Bxd4 26. exd4 Qxf4 27. Qe8+ Rf8 28. Qxe7 exf3 29. Rxc7 Qxd4 30. Qe6+ Kh8 31. Bc3 Qxc3 32. Rxc3 f2 33. Rgf3 f1Q+ 34. Rxf1 Rxf1+ 35. Kg2 1-0